Begins & Ends with the Same 3 Letters Quiz Stats

 Plays Quiz Updated Nov 19, 2015

Score 0/20 Timer 06:00
1 Play Today
% Correct
UND ... UND
73.9%
ANT ... ANT
73.9%
PHY ... PHY
72.8%
HOT ... HOT
66.9%
TOR ... TOR
60.8%
ESS ... ESS
60.2%
ION ... ION
59.7%
BLE ... BLE
56.7%
MIC ... MIC
55.1%
AFT ... AFT
52.5%
% Correct
RES ... RES
49.1%
ENT ... ENT
48.7%
CAL ... CAL
48.4%
ING ... ING
46.2%
INT ... INT
44.9%
DER ... DER
43%
RED ... RED
39.7%
NIC ... NIC
35.1%
BED ... BED
34.8%
TES ... TES
32.4%

You're not logged in!

Compare scores with friends on all Sporcle quizzes.
OR
Log In

Sporcle TV

Today on Sporcle TV


Watch our educational content, quiz creation guides, and fun videos on Sporcle TV.

Show Comments

Extras

Top Quizzes Today


Score Distribution

Your Account Isn't Verified!

In order to create a playlist on Sporcle, you need to verify the email address you used during registration. Go to your Sporcle Settings to finish the process.

Report this User

Report this user for behavior that violates our Community Guidelines.

Details: